000 00608nam a2200193Ia 4500
003 GCL
008 140319s9999 xx 000 0 ara d
040 _aGCL /
_cGCL
082 0 4 _a229.7
_bم ن
100 1 _aمحمد عزت سعد محمود عزت
245 1 0 _aالنافع فى منابع التصميم فى نور القران الكريم /
_cمحمد عزت سعد محمود عزت
300 _a302 ص
490 _a
650 0 4 _aالاسلام والعلم
650 0 4 _aالالوهية
650 0 4 _aالاعجاز العلمى للقران
650 0 4 _aالقران
942 _2ddc
_cBK
999 _c45130
_d45130